000 00485nam a2200181Ia 4500
999 _c42500
_d42500
003 GCL
005 20240530103804.0
008 140319s9999 xx 000 0 ara d
040 _aGCL /
_cGCL
082 0 4 _a128
_bم د
100 1 _aمحمد قطب
245 1 0 _aدراسات فى النفس الانسانية /
_cمحمد قطب
260 _a[S.N] :
_bدار الشروق ،
_c1993
300 _a382 ص
650 0 4 _aالشخصية
650 0 4 _aالنفس
942 _2ddc
_cBK